000 00673nam a22002171 4500
001 sa 68001251
003 DLC
005 20260227112431.0
008 710903s1966 ii 00000 eng
010 _asa 68001251
025 _aPL480:I-E-9013
043 _aa-ii---
050 0 _aHD2346.I5
_bN325
082 _a658/.022/0954
110 2 0 _aNational Small Industries Corporation Limited.
245 1 0 _aHow to motivate entrepreneurship in backward areas;
_bthe intensive campaign technique.
260 1 _aNew Delhi
_c[1966]
300 _av, 72 p.
_c24 cm.
650 0 _aSmall business
_zIndia
_xCase studies.
650 0 _aNew business enterprises
_zIndia
_xCase studies.
999 _c77833
_d77833